Navegador turístic : província de Barcelona [Recurs electrònic] província de Barcelona [Recurs electrònic]
Publicado:
Barcelona :
Diputació de Barcelona. Àrea de Promoció Econòmica i Ocupació. Oficina Tècnica de Turisme, [2009?]
Descripción Física:
1 disc òptic (CD-ROM) ; 12 cm
MARC
| LEADER | 00000nam a2200000Ia 4500 | ||
|---|---|---|---|
| 001 | 21903 | ||
| 008 | 160829s9999 xx 000 0 cat d | ||
| 080 | |a CD-1-151 | ||
| 245 | |a Navegador turístic : |b província de Barcelona [Recurs electrònic] | ||
| 260 | |a Barcelona: |b Diputació de Barcelona. Àrea de Promoció Econòmica i Ocupació. Oficina Tècnica de Turisme, [2009?] | ||
| 300 | |a 1 disc òptic (CD-ROM) ; |c 12 cm | ||
| 590 | |a Turisme total. | ||
| 590 | |a En quatre idiomes: català, castellà, anglès i francès. | ||
| 590 | |a Requeriments mínims: Sistema operatiu Windows 98/ME/2000/XP (Direct 8.1 o superior), processador Intel Pentium IV, 1,6 Mhz o superior, 512 Mb RAM o superior, targeta gràfica 3D de 128 Mb de memòria (ATI o NVIDIA), Direct X8; funciona amb 16 i 32 bits de color. | ||
| 590 | |a Navegador virtual GeoShow3D | ||
| 650 | |a Cartografia digital |x Barcelona (Província) |9 46137 | ||
| 710 | |a Barcelona (Catalunya : Província). |b Oficina Tècnica de Turisme |9 53579 | ||
| 901 | |a Arxiu | ||
| 942 | |n 1 | ||
| 952 | |0 0 |1 0 |4 0 |6 CD1151 |7 1 |9 53021 |a Arxiu |b Arxiu |d 2016-12-01 |l 0 |o CD-1-151 |p 21903 |r 2016-12-01 00:00:00 |w 2016-12-01 |y ARXIU | ||
| 999 | |c 56870 |d 56870 | ||